00397nam a2200157Ia 45000010006000000050017000060080041000230410008000640820016000721000032000882450066001202600009001863000028001956500008002236540008002311328820260306164750.0260306t2011||||xx |||||||||||||| ||spa|| aESP a001.42bL31 aLavado Mallqui , LucaseAUT 0aMetodología de la investigación en ciencia y tecnología c2011 a123 páginas :c24 cm. aGEN aCHU